[Event "HUN-chT2 Maroczy 1112"]
[Site "Hungary"]
[Date "2012.04.22"]
[Round "9"]
[White "Csillag, Janos"]
[Black "Tokovic, Svetozar"]
[Result "0-1"]
[WhiteElo "1969"]
[BlackElo "2219"]
[PlyCount "80"]
[EventDate "2011.09.25"]
[EventType "team-tourn"]
[EventRounds "11"]
[EventCountry "HUN"]
[SourceTitle "EXT 2013"]
[Source "ChessBase"]
[SourceDate "2012.11.22"]
[SourceVersion "1"]
[SourceVersionDate "2012.11.22"]
[SourceQuality "1"]
[WhiteTeam "Taban Spartacus"]
[BlackTeam "Roszke"]
[WhiteTeamCountry "HUN"]
[BlackTeamCountry "HUN"]

1. Nf3 d5 2. d4 c6 3. c4 Nf6 4. Nbd2 a6 5. e3 Bf5 6. Nh4 Bg4 7. f3 Be6 8. Qc2 Qa5 9. c5 Nbd7 10. Bd3 b5 11. 0-0 g6 12. Nb3 Qd8 13. Bd2 a5 14. a4 b4 15. Rae1 Bg7 16. f4 Ne4 17. f5 gxf5 18. Nxf5 Bxf5 19. Rxf5 e6 20. Rf3 f5 21. Bxe4 dxe4 22. Rh3 Nf6 23. Rf1 0-0 24. Be1 Ng4 25. Bf2 Qd5 26. Nd2 e5 27. Nc4 exd4 28. Nb6 d3 29. Qc1 Qb3 30. Nxa8 Rxa8 31. Rg3 Be5 32. Rh3 Bxb2 33. Qd1 Qc2 34. Rg3 Bg7 35. Rxg4 fxg4 36. Qxg4 Qxc5 37. Bh4 Kh8 38. Qd7 Qd5 39. Qxd5 cxd5 40. Rf5 d4 0-1

[Event "Budapest-chT1 Lilienthal 1112"]
[Site "Budapest"]
[Date "2012.03.18"]
[Round "10"]
[White "Zoldy, Robert"]
[Black "Csillag, Janos"]
[Result "1-0"]
[WhiteElo "1974"]
[BlackElo "1969"]
[PlyCount "63"]
[EventDate "2011.10.02"]
[EventType "team-tourn"]
[EventRounds "11"]
[EventCountry "HUN"]
[SourceTitle "EXT 2020"]
[Source "ChessBase"]
[SourceDate "2019.10.17"]
[SourceVersion "1"]
[SourceVersionDate "2019.10.17"]
[SourceQuality "1"]
[WhiteTeam "Budapest Ujpest KSE"]
[BlackTeam "Taban Spartacus II"]
[WhiteTeamCountry "HUN"]
[BlackTeamCountry "HUN"]

1. e4 c6 2. d4 d5 3. e5 Bf5 4. Nf3 e6 5. Be2 c5 6. 0-0 Nc6 7. Be3 cxd4 8. Nxd4 Nxd4 9. Qxd4 Ne7 10. c4 Nc6 11. Qf4 Be7 12. Nc3 dxc4 13. Bxc4 0-0 14. Bb5 Qc7 15. Bxc6 Qxc6 16. Rac1 Rfc8 17. g4 Bg6 18. h4 h5 19. gxh5 Bf5 20. Rfd1 Qa6 21. Rd7 Rc4 22. Rd4 Rac8 23. Rcd1 Qc6 24. Rxc4 Qxc4 25. Rd4 Qc6 26. h6 g6 27. Ne4 Bxe4 28. Rxe4 Rf8 29. Rc4 Qd7 30. Bxa7 b5 31. Rb4 Bxb4 32. Qf6 1-0

[Event "HUN-chT2 Maroczy 1112"]
[Site "Hungary"]
[Date "2012.03.11"]
[Round "7"]
[White "Csillag, Janos"]
[Black "Horvath, Kristof"]
[Result "1-0"]
[WhiteElo "1969"]
[BlackElo "1753"]
[PlyCount "77"]
[EventDate "2011.09.25"]
[EventType "team-tourn"]
[EventRounds "11"]
[EventCountry "HUN"]
[SourceTitle "EXT 2013"]
[Source "ChessBase"]
[SourceDate "2012.11.22"]
[SourceVersion "1"]
[SourceVersionDate "2012.11.22"]
[SourceQuality "1"]
[WhiteTeam "Taban Spartacus"]
[BlackTeam "Miskolc EMSE"]
[WhiteTeamCountry "HUN"]
[BlackTeamCountry "HUN"]

1. e4 e5 2. f4 exf4 3. Nf3 g5 4. Bc4 Bg7 5. d4 d6 6. 0-0 Bg4 7. c3 Bh5 8. Qb3 b6 9. Qb5+ c6 10. Qxg5 Qxg5 11. Nxg5 h6 12. Nf3 Nf6 13. Bxf4 Nxe4 14. Nbd2 Nxd2 15. Rae1+ Kd7 16. Nxd2 Bg6 17. Bg3 d5 18. Be2 h5 19. Nf3 f6 20. Nh4 Be4 21. Nf5 Bf8 22. Bh4 Rg8 23. Ng3 f5 24. Nxe4 fxe4 25. Rf7+ Kc8 26. Bxh5 Nd7 27. h3 Kc7 28. Bg4 Rxg4 29. hxg4 Bd6 30. Ref1 Rh8 31. g3 Rg8 32. Rh7 Kc8 33. Rff7 Nb8 34. Kf2 c5 35. Bf6 Nc6 36. g5 cxd4 37. cxd4 Nb4 38. g6 Nd3+ 39. Ke2 1-0

[Event "Budapest-chT1 Lilienthal 1112"]
[Site "Budapest"]
[Date "2011.12.11"]
[Round "5"]
[White "Csillag, Janos"]
[Black "Bodrogi, Mihaly"]
[Result "0-1"]
[WhiteElo "1969"]
[BlackElo "2077"]
[PlyCount "76"]
[EventDate "2011.10.02"]
[EventType "team-tourn"]
[EventRounds "11"]
[EventCountry "HUN"]
[SourceTitle "EXT 2020"]
[Source "ChessBase"]
[SourceDate "2019.10.17"]
[SourceVersion "1"]
[SourceVersionDate "2019.10.17"]
[SourceQuality "1"]
[WhiteTeam "Taban Spartacus II"]
[BlackTeam "Budapest EAC III"]
[WhiteTeamCountry "HUN"]
[BlackTeamCountry "HUN"]

1. e4 c5 2. Nc3 d6 3. g3 g6 4. Bg2 Bg7 5. d3 Nc6 6. f4 Nd4 7. Nce2 Rb8 8. c3 Nxe2 9. Nxe2 b5 10. 0-0 Nf6 11. h3 0-0 12. Be3 Qc7 13. g4 Bb7 14. Ng3 Nd7 15. Qd2 a5 16. d4 b4 17. cxb4 axb4 18. Rac1 Qa5 19. b3 cxd4 20. Bxd4 Bxd4+ 21. Qxd4 Rfc8 22. Rxc8+ Rxc8 23. Rf2 Rc1+ 24. Kh2 Qc5 25. Rd2 Bc6 26. Ne2 Qxd4 27. Nxd4 Bb7 28. Rc2 Rd1 29. Nc6 Bxc6 30. Rxc6 Rd2 31. Rc4 Rxa2 32. Rxb4 Nc5 33. Kg3 Ra3 34. Rb8+ Kg7 35. Re8 Rxb3+ 36. Kh4 Ne6 37. Rxe7 Nxf4 38. Bf1 Rf3 0-1

[Event "Budapest-chT1 Lilienthal 1112"]
[Site "Budapest"]
[Date "2011.12.04"]
[Round "4"]
[White "Kertesz, Zsolt"]
[Black "Csillag, Janos"]
[Result "1-0"]
[WhiteElo "2073"]
[BlackElo "1969"]
[PlyCount "71"]
[EventDate "2011.10.02"]
[EventType "team-tourn"]
[EventRounds "11"]
[EventCountry "HUN"]
[SourceTitle "EXT 2020"]
[Source "ChessBase"]
[SourceDate "2019.10.17"]
[SourceVersion "1"]
[SourceVersionDate "2019.10.17"]
[SourceQuality "1"]
[WhiteTeam "Fabulon"]
[BlackTeam "Taban Spartacus II"]
[WhiteTeamCountry "HUN"]
[BlackTeamCountry "HUN"]

1. e4 c6 2. d4 d5 3. e5 Bf5 4. Nf3 e6 5. Be2 c5 6. Be3 Nc6 7. dxc5 Qc7 8. 0-0 Nge7 9. Nc3 a6 10. Nd4 Nxd4 11. Qxd4 Nc6 12. Qa4 Rd8 13. Bd4 Be7 14. Nd1 Bxc2 15. Qxc2 Nxd4 16. Qa4+ Nc6 17. Rc1 0-0 18. f4 f6 19. exf6 Rxf6 20. Ne3 Rdf8 21. g3 b6 22. b4 a5 23. a3 axb4 24. axb4 Nd4 25. Bd3 bxc5 26. Ng4 c4 27. Nxf6+ Bxf6 28. Qa6 Qe7 29. Bxc4 dxc4 30. Rxc4 e5 31. fxe5 Qxe5 32. Rc8 Ne2+ 33. Kg2 Qd5+ 34. Rf3 Bd8 35. Qxe2 h5 36. Qc4 1-0

[Event "Budapest FS04 FM-A"]
[Site "Budapest"]
[Date "2011.04.12"]
[Round "11"]
[White "Darazs, Zoltan"]
[Black "Csillag, Janos"]
[Result "1-0"]
[WhiteElo "2218"]
[BlackElo "1978"]
[PlyCount "51"]
[EventDate "2011.04.02"]
[EventType "tourn"]
[EventRounds "11"]
[EventCountry "HUN"]
[SourceTitle "CBM 141 Extra"]
[Source "ChessBase"]
[SourceDate "2011.05.03"]
[SourceVersion "1"]
[SourceVersionDate "2011.05.03"]
[SourceQuality "1"]

1. e4 c5 2. Nf3 g6 3. d4 Bg7 4. Nc3 Qa5 5. Be3 Nf6 6. Qd2 Ng4 7. Nd5 Qd8 8. Bf4 d6 9. dxc5 0-0 10. h3 Nf6 11. Nxf6+ Bxf6 12. cxd6 exd6 13. 0-0-0 Be6 14. Bxd6 Re8 15. e5 Bg7 16. Kb1 Nc6 17. h4 f6 18. h5 Nxe5 19. Nxe5 fxe5 20. hxg6 hxg6 21. Bb5 Qb6 22. Bxe8 Rxe8 23. Ba3 Qc6 24. f3 Rc8 25. Rc1 b5 26. b3 1-0

[Event "Budapest FS04 FM-A"]
[Site "Budapest"]
[Date "2011.04.11"]
[Round "10"]
[White "Csillag, Janos"]
[Black "Juracsik, Jozsef"]
[Result "0-1"]
[WhiteElo "1978"]
[BlackElo "2228"]
[PlyCount "72"]
[EventDate "2011.04.02"]
[EventType "tourn"]
[EventRounds "11"]
[EventCountry "HUN"]
[SourceTitle "CBM 141 Extra"]
[Source "ChessBase"]
[SourceDate "2011.05.03"]
[SourceVersion "1"]
[SourceVersionDate "2011.05.03"]
[SourceQuality "1"]

1. e4 c5 2. Nc3 Nc6 3. d3 d6 4. g3 g6 5. Bg2 Bg7 6. f4 e5 7. Nh3 Nge7 8. 0-0 f6 9. Be3 Bd7 10. Nb5 Qb8 11. c4 a6 12. Nc3 Nd4 13. Bxd4 cxd4 14. Nd5 Nxd5 15. exd5 Qc8 16. Nf2 f5 17. Nh3 h6 18. Rc1 0-0 19. b4 a5 20. c5 axb4 21. c6 bxc6 22. dxc6 Be6 23. Qd2 Qc7 24. Qxb4 Rfb8 25. Qd2 e4 26. dxe4 fxe4 27. f5 Rxa2 28. Qxa2 Bxa2 29. f6 Bf8 30. Bxe4 g5 31. Nf2 Be6 32. Bg2 d5 33. Nd3 Rb6 34. f7+ Kg7 35. Nc5 Bxc5 36. Rxc5 Bxf7 0-1

[Event "Budapest FS04 FM-A"]
[Site "Budapest"]
[Date "2011.04.02"]
[Round "1"]
[White "Csillag, Janos"]
[Black "Sanders, Isaac B"]
[Result "0-1"]
[WhiteElo "1978"]
[BlackElo "2015"]
[PlyCount "58"]
[EventDate "2011.04.02"]
[EventType "tourn"]
[EventRounds "11"]
[EventCountry "HUN"]
[SourceTitle "CBM 141 Extra"]
[Source "ChessBase"]
[SourceDate "2011.05.03"]
[SourceVersion "1"]
[SourceVersionDate "2011.05.03"]
[SourceQuality "1"]

1. d4 Nf6 2. c4 g6 3. Nc3 Bg7 4. e4 d6 5. f3 0-0 6. Be3 e5 7. Bd3 Ng4 8. fxg4 exd4 9. Nge2 Bxg4 10. 0-0 dxe3 11. Qb3 Nd7 12. Bc2 Nc5 13. Qa3 Be5 14. Rae1 Ne6 15. Nd5 Bxe2 16. Rxe2 Nd4 17. Qxe3 Nxe2+ 18. Qxe2 c6 19. Ne3 Bd4 20. Kh1 Bxe3 21. Qxe3 Qe7 22. Qg3 Qe5 23. Qa3 Rfe8 24. b4 c5 25. Qf3 Re7 26. h4 cxb4 27. Rd1 Qc3 28. Qe2 Qg3 29. h5 Re5 0-1

[Event "Budapest-chT1 Lilienthal 1011"]
[Site "Budapest"]
[Date "2011.03.06"]
[Round "10"]
[White "Sumegi, Miklos Andras"]
[Black "Csillag, Janos"]
[Result "1-0"]
[WhiteElo "2014"]
[BlackElo "1975"]
[PlyCount "95"]
[EventDate "2010.09.19"]
[EventType "team-tourn"]
[EventRounds "11"]
[EventCountry "HUN"]
[SourceTitle "EXT 2020"]
[Source "ChessBase"]
[SourceDate "2019.10.17"]
[SourceVersion "1"]
[SourceVersionDate "2019.10.17"]
[SourceQuality "1"]
[WhiteTeam "Vizugy II"]
[BlackTeam "Taban Spartacus II"]
[WhiteTeamCountry "HUN"]
[BlackTeamCountry "HUN"]

1. d4 d5 2. Bg5 c5 3. e3 Nc6 4. c3 cxd4 5. exd4 Nf6 6. Bd3 Qc7 7. Ne2 Bg4 8. f3 Bh5 9. Qd2 e6 10. Bf4 Bd6 11. Bxd6 Qxd6 12. Na3 a6 13. Nc2 Bg6 14. Nf4 Rc8 15. Nxg6 hxg6 16. h3 Nh5 17. 0-0-0 b5 18. a3 Nf4 19. Rhe1 Na5 20. Kb1 Nb3 21. Qf2 0-0 22. g3 Nxd3 23. Rxd3 a5 24. Ka2 Qc6 25. Ne3 a4 26. Kb1 Rc7 27. Nc2 Rfc8 28. Nb4 Qd6 29. f4 Na5 30. g4 Nc6 31. Na6 Ra7 32. Nc5 Ne7 33. h4 Rac7 34. Rh3 Rxc5 35. dxc5 Rxc5 36. h5 Rc4 37. hxg6 Rxf4 38. gxf7+ Kxf7 39. Qe2 Ng6 40. Rf3 Rxf3 41. Qxf3+ Qf4 42. Qe2 Qd6 43. Qxb5 Nf4 44. Qxa4 e5 45. Qa7+ Kg6 46. Qe3 e4 47. Rd1 Nd3 48. c4 1-0